000 00879nam a2200265Ia 4500
003 GCL
008 140319s9999 xx 000 0 ara d
040 _aGCL /
_cGCL
082 0 4 _a630.2
_bم ع
100 1 _aمحمد السيد عبدالسلام
245 1 0 _aالغذاء لسبعين مليونا : تحدى الزراعة المصرية عام 2000 م /
_cمحمد السيد عبدالسلام
260 _a[S.N] :
_bالهيئة المصرية العامة للكتاب ،
_c1990
300 _a375 ص
490 _a
650 0 4 _aمصر
650 0 4 _aالزراعة
650 0 4 _aتسويق
650 0 4 _aالتنمية الزراعية
650 0 4 _aاقتصاديات
650 0 4 _aالتخطيط الزراعى
650 0 4 _aالاغذية
650 0 4 _aالانتاج الزراعى
650 0 4 _aالائتمان الزراعى
942 _2ddc
_cBK
999 _c28358
_d28358